00430nam a2200157Ia 4500008004100000020001800041041000800059082001300067100001500080245001900095260003900114300000900153440006000162500003500222700001500257230125s9999 xx 000 0 und d a1-84112-211-4 aeng a658bWHI aWhiteley P aPeople Express c2002bCapstone publicationaLondon a118p aEssential Management Thinking At Your Fingertips Series aSeries Book;People Series Book aWhiteley P